000 00938nam a2200265 i 4500
001 13379
003 ES-MaACL
005 20250819170651.0
007 t|
008 970902s1996 sp ||||0| spa
020 _a84-7658-472-5
080 _a396(0:82)
080 _a821.134.2.09"15/16"
100 1 _aLuna, Lola G.
_974757
245 1 0 _aLeyendo como una mujer la imagen de la mujer /
_cLola Luna.
250 _a1ª ed.
260 _a[Barcelona] :
_bAnthropos ;
_aSevilla :
_bInstituto Andaluz de la Mujer,
_c1996.
300 _a189 p ;
_c20 cm.
490 1 _aPensamiento crítico/pensamiento utópico. Cultura y diferencia ;
_v93
650 7 _aFeminismo y literatura
_2embne
_912753
650 4 _aLiteratura española-
_xAutoras-
_yS.XVI-XVII-
_xHistoria y crítica.
_914546
830 1 _aPensamiento crítico/pensamiento utópico. Cultura y diferencia ;
_v93
_9178901
852 4 _aES-MaACL
_jL-20757
999 _c13379
_d13379